00401pab a2200157 454500008004000000100001900040245005400059260000900113300001500122362000800137650001800145650001700163650001000180700002000190773003300210180718b2011 xxu||||| |||| 00| 0 eng d aWestern, Bruce aUnions, norms, and the rise in US wage inequality c2011 ap.513-537. aAug aLabour market aTrade unions aWages aRosenfeld, Jake aAmerican Sociological Review